History Quiz

Random History or Sporcle Quiz

Fill in the Sporcle (American History Quotes) Quiz Stats

 Plays Quiz Updated Oct 29, 2015

Challenge
Share
Tweet
Embed
Score 0/25 Timer 05:00
4 Plays Today
% Correct
death
98.2%
life
96.3%
fear
92.4%
earth
92%
dream
92.1%
country
92%
stick
91.1%
wall
90.6%
fight
90.6%
fade
90.1%
quitter
89.4%
west
89.3%
woman
88.1%
% Correct
war
88%
genius
87.8%
Berliner
87.6%
tyrannis
85.9%
man
82.8%
ballot
81%
nightmare
79.2%
mankind
76.2%
sun
70.4%
house
66%
segregation
65.3%
bank
59.7%

You're not logged in!

Compare scores with friends on all Sporcle quizzes.
OR
Log In

You Might Also Like...

Show Comments

Extras

Top Quizzes Today


Score Distribution

Your Account Isn't Verified!

In order to create a playlist on Sporcle, you need to verify the email address you used during registration. Go to your Sporcle Settings to finish the process.

Report this User

Report this user for behavior that violates our Community Guidelines.

Details: